000
00294nam a2200109Ia 4500
008
171211s9999 xx 000 0 und d
245
_a
John Clare: Voice of Freedom
245
_c
R. S. Attack
260
_c
2010
650
_x
Biography
856
_u
http://down.ebook777.com/065/9780856832703.pdf
999
_c
349883
_d
349883